[Event "Pan American-ch U18"]
[Site "Oaxtepec"]
[Date "2014.07.12"]
[Round "3"]
[White "Mendoza Ubieta, Herminio"]
[Black "Lopez Gonzalez, Abel Fabian"]
[Result "1/2-1/2"]
[WhiteElo "2036"]
[BlackElo "2323"]
[PlyCount "31"]
[EventDate "2014.07.11"]
[EventType "swiss"]
[EventRounds "9"]
[EventCountry "MEX"]
[SourceTitle "EXT 2022"]
[Source "ChessBase"]
[SourceDate "2021.10.06"]
[SourceVersion "1"]
[SourceVersionDate "2021.10.06"]
[SourceQuality "1"]

1. e4 c5 2. Nf3 d6 3. d4 cxd4 4. Nxd4 Nf6 5. Nc3 a6 6. Be2 e5 7. Nb3 Be6 8. Be3 Be7 9. Nd5 Nbd7 10. Qd3 0-0 11. c4 b5 12. cxb5 axb5 13. 0-0 Bxd5 14. exd5 b4 15. Rfc1 Ne8 16. Bg4 1/2-1/2